000 00629cam a22002053a 4500
001 36423
003 PGUSA
005 20140828083804.0
008 110613s2011||||xxu|||||s|||||000 | eng d
040 _aPGUSA
_beng
042 _adc
100 1 _aPatchin, Frank Gee,
_d1861-1925
245 1 4 _aThe Pony Rider Boys in the Alkali; Or, Finding a Key to the Desert Maze
_h[electronic resource] /
_cFrank Gee Patchin
260 _bProject Gutenberg,
_c2011
506 _aPublic domain in the USA.
516 _aElectronic text
830 0 _aProject Gutenberg
_v36423
856 4 0 _uhttp://www.gutenberg.org/ebooks/36423
942 _cEB
999 _c265678
_d265678